| 000 | 00425cam a2200181ua 4500 | ||
|---|---|---|---|
| 020 | _c4.00 | ||
| 041 |
_ahin _h |
||
| 082 |
_a891.54 _bACH/SO |
||
| 100 | _aAcharya, Chatursen . | ||
| 245 |
_aSoya hua shahar / _cAcharya Chatursen. _hTextual Documents |
||
| 250 |
_a2 / _b. |
||
| 260 |
_a : _bRajpal and Sanch , _c1963. |
||
| 300 | _a256 ; . | ||
| 365 | _a4.00 | ||
| 504 | _a | ||
| 942 | _cBK | ||
| 999 |
_c7994 _d7994 |
||